000
00289nam a2200109Ia 4500
008
190912s9999||||xx |||||||||||||| ||und||
100
_a
Nizaam Nasiri
245
0
_a
Machliyoun Ka Dor Hayat : Life Hiostory of Fishes
260
_a
Karachi
_b
Idrahai Tasneef
_c
2016
300
_a
400
942
_c
BK
999
_c
7338
_d
7338